All Triple-A Baseball Affiliates - Statistics

General Stats
  • This quiz has been taken 25 times
  • The average score is 19 of 30
Answer Stats
MLB Team Affiliates % Correct
Chicago White Sox Charlotte Knights
89%
Cleveland Guardians Columbus Clippers
89%
Toronto Blue Jays Buffalo Bison
78%
Chicago Cubs Iowa Cubs
78%
Miami Marlins Jacksonville Jumbo Shrimp
78%
Baltimore Orioles Norfolk Tides
78%
Houston Astros Sugar Land Space Cowboys
78%
New York Mets Syracuse Mets
78%
Detroit Tigers Toledo Mud Hens
78%
Boston Red Sox Worcester Red Sox
78%
Oakland Athletics Las Vegas Aviators
67%
Philadelphia Phillies Lehigh Valley Iron Pigs
67%
Cincinnati Reds Louisville Bats
67%
St. Louis cardinals Memphis Redbirds
67%
Washington Nationals Rochester Red Wings
67%
San Francisco Giants Sacramento River Cats
67%
Tampa Bay Rays Durham Bulls
56%
Pittsburgh Pirates Indianapolis Indians
56%
Arizona Diamond Backs Reno Aces
56%
Los Angeles Angels Salt Lake Bees
56%
Minnesota Twins St. Paul Saints
56%
Seattle Mariners Tacoma Rainiers
56%
Colorado Rockies Albuquerque Isotopes
44%
Milwaukee Brewers Nashville Sounds
44%
Los Angeles Dodgers Oklahoma City Comets
44%
Kansas City Royals Omaha Storm Chasers
44%
Texas Rangers Round Rock Express
44%
San Diego Padres El Paso Chihuahuas
33%
Atlanta Braves Gwinnett Stripers
33%
New York Yankees Scranton/Wilkes-Barre Railriders
33%
No matching quizzes found
Score Distribution
Percent of People with Each Score
Percentile by Number Answered
Your Score History
You have not taken this quiz